[Event "Challenge"]
[Site "http://www.queenalice.com/game.php?id=793859"]
[Date "2010.6.23"]
[Round "-"]
[White "miras773"]
[Black "elwis"]
[Result "1-0"]
[WhiteElo "1873"]
[BlackElo "1345"]

1. c4 e5 2. Nc3 c6 3. d3 g6 4. Nf3 d6 5. Bd2 a6 6. e4 f5 7. Bg5 Be7 8. h4 h6 9.
Be3 b5 10. cxb5 cxb5 11. exf5 g5 12. hxg5 Bf8 13. f6 h5 14. f7+ Kxf7 15. Be2 Qd7
16. Nd5 Qc6 17. Rc1 Qb7 18. Rc7+ Qxc7 19. Nxc7 Ra7 20. Bxa7 Nc6 21. Qb3+ 1-0

[Event "Challenge"]
[Site "http://www.queenalice.com/game.php?id=793912"]
[Date "2010.6.23"]
[Round "-"]
[White "ztnilz"]
[Black "miras773"]
[Result "0-1"]
[WhiteElo "1755"]
[BlackElo "1749"]

1. e4 Nc6 2. d4 e6 3. Nf3 Nf6 4. c3 Nxe4 5. g3 Qf6 6. Bg2 d5 7. O-O Bd6 8. Re1
O-O 9. c4 Bb4 10. Re2 Re8 11. c5 e5 12. a3 Bg4 13. axb4 Bxf3 14. Bxf3 Qxf3 0-1

[Event "Challenge"]
[Site "http://www.queenalice.com/game.php?id=793913"]
[Date "2010.6.23"]
[Round "-"]
[White "Acuario_72"]
[Black "miras773"]
[Result "0-1"]
[WhiteElo "1507"]
[BlackElo "1875"]

1. g3 d5 2. Bg2 Nf6 3. e3 e5 4. Ne2 Be6 5. c3 Nc6 6. d4 exd4 7. cxd4 Qd7 8. Qb3
Bb4+ 9. Nd2 O-O 10. a3 Bxd2+ 11. Bxd2 b6 12. Qc2 Bf5 13. Qc3 Ne4 14. Qc1 Rac8
15. b4 Ne7 16. O-O Ng5 17. Nf4 Rfe8 18. Qc3 Nh3+ 19. Bxh3 Bxh3 20. Rfe1 Bf5 21.
a4 Ng6 22. a5 Nxf4 23. exf4 Bh3 24. f3 Qb5 25. g4 Re2 26. Rad1 Rxe1+ 27. Rxe1 g6
28. Kf2 h5 29. gxh5 gxh5 30. Kg3 Bf5 31. Re5 Qd7 32. Kh4 f6 33. Re2 Bg6 34. Rg2
Kh7 35. axb6 cxb6 36. Qe3 f5 37. Kh3 Re8 38. Qb3 Qb5 39. Qa3 Re7 40. Qc1 Rg7 41.
Kh4 Qd3 42. Qd1 a5 43. bxa5 bxa5 0-1

[Event "Challenge"]
[Site "http://www.queenalice.com/game.php?id=793919"]
[Date "2010.6.23"]
[Round "-"]
[White "miras773"]
[Black "Milpat"]
[Result "0-1"]
[WhiteElo "1747"]
[BlackElo "1752"]

1. e4 c5 2. Nc3 g6 3. b3 Bg7 4. Bb2 Nc6 5. Qf3 Nf6 6. Nd5 Nd4 7. Bxd4 cxd4 8.
Nxf6+ Bxf6 9. Bd3 Be5 10. Bc4 O-O 11. Nh3 e6 12. O-O Qh4 13. Rac1 Kh8 14. c3
dxc3 15. dxc3 f5 16. Rfe1 g5 17. exf5 Rxf5 18. Qxf5 Bxh2+ 19. Kxh2 exf5 20. Re8+
Kg7 21. Kg1 b5 22. Bxb5 Bb7 23. Re7+ Kf6 24. Rxd7 Qe4 25. Bf1 g4 26. Rd6+ Ke7
27. Rd4 Qc6 28. Nf4 Re8 29. g3 Qh1# 0-1

[Event "AUTO-ADV-1809"]
[Site "http://www.queenalice.com/game.php?id=794434"]
[Date "2010.6.24"]
[Round "1"]
[White "chessman"]
[Black "miras773"]
[Result "1-0"]
[WhiteElo "1942"]
[BlackElo "1788"]

1. e4 e5 2. Nf3 Nc6 3. Bc4 Qe7 4. O-O Nf6 5. Re1 Qc5 6. d3 d5 7. exd5 Nxd5 8.
Nxe5 Be6 9. c3 O-O-O 10. d4 Qd6 11. Bb3 b5 12. Na3 a6 13. Nc2 Na5 14. Ne3 c6 15.
Nxd5 Bxd5 16. Bxd5 Qxd5 17. Qg4+ Kb7 18. Be3 f6 19. Nd3 h5 20. Qg3 g5 21. b3 h4
22. Qf3 Qxf3 23. gxf3 Re8 24. Bd2 Bh6 25. c4 Kb6 26. c5+ Kb7 27. Bxa5 Rhg8 28.
Rxe8 Rxe8 29. Re1 Rxe1+ 30. Nxe1 Bg7 31. Nc2 Kc8 32. Ne3 Kd7 33. Nf5 Bf8 34. Kg2
Ke6 35. Ne3 Kf7 36. b4 Ke7 37. d5 Kd7 38. dxc6+ Kxc6 39. Bd8 Bg7 40. Nf5 Bh8 41.
f4 Kd7 42. Bb6 Kc6 43. Kf3 1-0

[Event "AUTO-ADV-1809"]
[Site "http://www.queenalice.com/game.php?id=794435"]
[Date "2010.6.24"]
[Round "1"]
[White "miras773"]
[Black "chessman"]
[Result "0-1"]
[WhiteElo "1799"]
[BlackElo "1931"]

1. d4 d5 2. Nc3 e6 3. Nf3 c5 4. b3 cxd4 5. Nxd4 Nf6 6. Bf4 Bb4 7. Qd3 Ne4 8. Bd2
Nxd2 9. Qxd2 e5 10. a3 Bxc3 11. Qxc3 exd4 12. Qxd4 O-O 13. e3 Nc6 14. Qd2 d4 15.
Bd3 dxe3 16. fxe3 Qf6 17. Rd1 Bg4 18. Rb1 Rfe8 19. Rf1 Qd4 20. Kf2 Qc5 21. a4
Nb4 22. Rb2 Qe5 23. h3 Be6 24. c3 Nxd3+ 25. Qxd3 Rad8 26. Qc2 Bf5 27. Qc1 Be4
28. Kg1 Rd3 29. c4 Red8 30. Qa1 Qxb2 31. Qxb2 Rd2 32. Rf2 Rxb2 33. Rxb2 f5 34.
a5 Rd1+ 35. Kf2 Rb1 36. Rxb1 Bxb1 37. c5 Be4 38. g4 fxg4 39. hxg4 Kf7 40. Kg3
Ke6 41. Kf4 Bc6 42. e4 h6 43. g5 h5 44. g6 Kf6 45. b4 Kxg6 46. e5 Kf7 47. Kg5 g6
48. Kf4 Ke6 0-1

[Event "AUTO-ADV-1809"]
[Site "http://www.queenalice.com/game.php?id=794446"]
[Date "2010.6.24"]
[Round "1"]
[White "Sbilf"]
[Black "miras773"]
[Result "0-1"]
[WhiteElo "1867"]
[BlackElo "1770"]

1. e4 e5 2. Nf3 Nc6 3. d4 Nxd4 4. Nxd4 exd4 5. Qxd4 d6 6. Bc4 Be6 7. Bxe6 fxe6
8. Nc3 e5 9. Qc4 Nf6 10. Bg5 Be7 11. f3 c6 12. O-O-O Nh5 13. Be3 Bg5 14. Rhe1
Bh4 15. g3 Be7 16. Rf1 Qd7 17. Qe2 Nf6 18. f4 exf4 19. gxf4 Ng4 20. h3 Nxe3 21.
Qxe3 O-O-O 22. f5 Rhf8 23. Rg1 Bf6 24. Qxa7 Bxc3 25. bxc3 Qe7 26. Qd4 Rg8 27.
Rde1 Kc7 28. Ref1 g6 29. Kb2 gxf5 30. Rxg8 Rxg8 31. exf5 Ra8 32. f6 Qf7 33. Rg1
c5 34. Qf4 Qxa2+ 0-1

[Event "AUTO-ADV-1809"]
[Site "http://www.queenalice.com/game.php?id=794447"]
[Date "2010.6.24"]
[Round "1"]
[White "miras773"]
[Black "Sbilf"]
[Result "1-0"]
[WhiteElo "1729"]
[BlackElo "1837"]

1. d4 d6 2. e4 Nf6 3. Bd3 g6 4. Nf3 Bg7 5. c3 O-O 6. O-O c5 7. d5 e6 8. Re1 exd5
9. exd5 Nxd5 10. Bxg6 Nxc3 11. Bxh7+ Kxh7 12. Qd3+ f5 13. Ng5+ Kg8 14. Qc4+ d5
15. Qh4 Rf6 16. Nxc3 Rh6 17. Qa4 Bd7 18. Qc2 d4 19. Nd5 1-0

[Event "AUTO-ADV-1809"]
[Site "http://www.queenalice.com/game.php?id=794452"]
[Date "2010.6.24"]
[Round "1"]
[White "torre"]
[Black "miras773"]
[Result "0-1"]
[WhiteElo "1492"]
[BlackElo "1765"]

1. e4 e5 2. Nf3 d6 3. Bc4 Nf6 4. Nc3 Nxe4 5. Bxf7+ Kxf7 6. Nxe4 Ke8 7. d4 Be7 8.
dxe5 Bf5 9. Nc3 Nc6 10. Nd4 Nxd4 0-1

[Event "Challenge"]
[Site "http://www.queenalice.com/game.php?id=817650"]
[Date "2010.8.13"]
[Round "-"]
[White "vinoseco"]
[Black "miras773"]
[Result "0-1"]
[WhiteElo "1324"]
[BlackElo "1797"]

1. Nc3 Nf6 2. e4 e5 3. Nd5 Nxe4 4. Qe2 Nc5 5. Qxe5+ Ne6 6. f4 Bd6 7. Qe4 b6 8.
f5 Bb7 9. fxe6 dxe6 10. Bb5+ Nd7 11. Qg4 O-O 12. d3 Ne5 13. Qg3 exd5 14. d4 Ng6
15. Qf3 Qe7+ 16. Ne2 c5 17. c3 a6 18. Ba4 Rac8 19. g3 cxd4 20. h4 dxc3 21. Qd3
Ne5 22. Qd4 Nf3+ 0-1

[Event "Pan z wąsami na polowaniu"]
[Site "http://www.queenalice.com/game.php?id=822750"]
[Date "2010.8.24"]
[Round "-"]
[White "Eliasz"]
[Black "miras773"]
[Result "0-1"]
[WhiteElo "2072"]
[BlackElo "1797"]

1. e4 c5 2. Nf3 Nc6 3. d4 cxd4 4. Nxd4 e5 5. Nb5 Bc5 6. Nd6+ Kf8 7. Qd5 Bxd6 8.
Qxd6+ Nge7 9. Bc4 Qb6 10. O-O Qd4 11. Qxd4 Nxd4 12. Bd3 d5 13. c3 dxe4 14. Bxe4
Ne2+ 15. Kh1 Nxc1 16. Rxc1 Nf5 17. Nd2 Ke7 18. Nf3 f6 19. Rd1 Nd6 20. Bd5 Rd8
21. Rd2 Bd7 22. Rad1 Rac8 23. Bb3 Ne4 24. Rd5 Nxf2+ 25. Kg1 Nxd1 26. Rxd1 Be6
27. Rxd8 Rxd8 28. Kf2 Bxb3 29. axb3 Rd1 30. Ne1 Rd2+ 31. Kf3 Rxb2 32. b4 Rb3 33.
Ke4 Rxc3 34. Nd3 b6 35. g4 a5 36. bxa5 bxa5 37. Nb2 a4 0-1

[Event "Challenge"]
[Site "http://www.queenalice.com/game.php?id=824481"]
[Date "2010.8.28"]
[Round "-"]
[White "Michihall"]
[Black "miras773"]
[Result "0-1"]
[WhiteElo "1880"]
[BlackElo "1838"]

1. d4 d5 2. c4 Nc6 3. Nf3 Nf6 4. Nc3 e6 5. cxd5 exd5 6. Bg5 Be7 7. e3 a6 8. Bd3
O-O 9. O-O Nb4 10. a3 Nxd3 11. Qxd3 Nh5 12. Bxe7 Qxe7 13. Nxd5 Qd6 14. Ng5 g6
15. Nc3 Nf6 16. Nce4 Nxe4 17. Nxe4 Bf5 18. f3 Bxe4 19. Qxe4 Qb6 20. b4 Rfe8 21.
Qd3 Rad8 22. Rfc1 Re5 23. Rc5 Rxc5 24. bxc5 Qa5 25. Qb3 Re8 26. e4 Rd8 27. Rd1
Rxd4 28. Rc1 Rd2 29. a4 b6 30. cxb6 Qg5 31. g3 Qh5 32. h4 Qe5 33. Kf1 Qxg3 34.
Qxf7+ Kxf7 35. Rxc7+ Ke6 36. Rc6+ Ke5 37. Rc5+ Kf4 0-1

[Event "Challenge"]
[Site "http://www.queenalice.com/game.php?id=837164"]
[Date "2010.9.23"]
[Round "-"]
[White "Aadii"]
[Black "miras773"]
[Result "0-1"]
[WhiteElo "1887"]
[BlackElo "1856"]

1. d4 d5 2. c4 e6 3. Nc3 Nf6 4. Bg5 Be7 5. e3 dxc4 6. Bxc4 O-O 7. Nf3 b6 8. O-O
Bb7 9. Nd2 Nc6 10. Bd3 e5 11. dxe5 Nxe5 12. Be4 Nxe4 13. Bxe7 Qxd2 14. Nxe4 Qxd1
15. Rfxd1 Rfe8 16. Nf6+ gxf6 17. Bxf6 c5 18. Bxe5 Rxe5 19. Rd7 Bc6 20. Rc7 Re6
21. Rd1 a5 22. Kf1 Rae8 23. g3 R8e7 24. Rd8+ Kg7 25. Rxe7 Bb5+ 26. Kg2 Rxe7 27.
Rb8 Re6 28. e4 Rxe4 29. Rxb6 Rb4 30. b3 Bf1+ 0-1

[Event "AUTO-ADV-1809"]
[Site "http://www.queenalice.com/game.php?id=843906"]
[Date "2010.10.10"]
[Round "2"]
[White "windlazy"]
[Black "miras773"]
[Result "0-1"]
[WhiteElo "1867"]
[BlackElo "1895"]

1. d4 d5 2. c4 e6 3. Nf3 Nc6 4. c5 Be7 5. Bf4 Nf6 6. Nc3 a6 7. e3 Nh5 8. Ne5
Nxe5 9. Bxe5 Nf6 10. Be2 c6 11. O-O b6 12. b4 O-O 13. a4 g6 14. b5 bxc5 15. bxc6
Bd6 16. Bxf6 Qxf6 17. a5 Rb8 18. Na4 c4 19. Rb1 Qd8 20. Nb6 Bc7 21. Qa4 Bxb6 22.
axb6 Rxb6 23. Rxb6 Qxb6 24. Ra1 f6 25. e4 Rd8 26. exd5 exd5 27. Bxc4 dxc4 28.
Qxc4+ Kf8 29. d5 Qb5 30. Qxb5 axb5 31. Rd1 Ke7 32. Kf1 Kd6 33. Ke2 Re8+ 34. Kf3
Re5 35. Kf4 Rxd5 36. Rxd5+ Kxd5 37. c7 Kd4 38. h4 b4 0-1

[Event "AUTO-ADV-1809"]
[Site "http://www.queenalice.com/game.php?id=843907"]
[Date "2010.10.10"]
[Round "2"]
[White "miras773"]
[Black "windlazy"]
[Result "1-0"]
[WhiteElo "1879"]
[BlackElo "1883"]

1. e4 e5 2. g3 Nf6 3. Bg2 Bc5 4. Nh3 Nc6 5. Nc3 d6 6. d3 Be6 7. Na4 Nb4 8. Nxc5
dxc5 9. Be3 b6 10. Ng5 Nxa2 11. Nxe6 fxe6 12. Rxa2 Qd6 13. Ra6 O-O 14. O-O Qc6
15. Qa1 Qb7 16. Qa2 Ng4 17. Bh3 Nxe3 18. fxe3 Rxf1+ 19. Kxf1 Rf8+ 20. Kg1 Re8
21. Rxa7 Qc6 22. c3 Qd7 23. Ra8 Kf8 24. Rxe8+ Qxe8 25. Qxe6 Qxe6 26. Bxe6 Ke7
27. Bb3 Kf6 28. h4 h5 29. Bd1 g6 30. Kg2 b5 31. d4 cxd4 32. exd4 exd4 33. cxd4
c6 34. Kf3 g5 35. e5+ Ke6 36. Bb3+ Kf5 37. Bc2+ Ke6 38. hxg5 Kf7 39. Kf4 1-0

[Event "Challenge"]
[Site "http://www.queenalice.com/game.php?id=855639"]
[Date "2010.11.6"]
[Round "-"]
[White "miras773"]
[Black "RAMIROCHE"]
[Result "1-0"]
[WhiteElo "1877"]
[BlackElo "1100"]

1. e4 c5 2. Nf3 Nc6 3. Bb5 d6 4. d4 cxd4 5. Nxd4 Bd7 6. Nc3 g6 7. Be3 Bg7 8. O-O
Nf6 9. Qf3 O-O 10. Nxc6 bxc6 11. Bc4 Bg4 12. Qg3 Qc7 13. f4 Be6 14. f5 Bxc4 15.
Rfe1 Rab8 16. Reb1 1-0

[Event "AUTO-ADV-1809"]
[Site "http://www.queenalice.com/game.php?id=875347"]
[Date "2010.12.22"]
[Round "3"]
[White "Sbilf"]
[Black "miras773"]
[Result "1-0"]
[WhiteElo "1945"]
[BlackElo "1895"]

1. e4 e5 2. Nf3 Nf6 3. Nxe5 d6 4. Nf3 Nxe4 5. Nc3 Nf6 6. d4 Qe7+ 7. Qe2 Qxe2+ 8.
Bxe2 Nc6 9. a3 Bf5 10. Nb5 O-O-O 11. Ng5 Rd7 12. c3 Re7 13. Be3 1-0

[Event "AUTO-ADV-1809"]
[Site "http://www.queenalice.com/game.php?id=875348"]
[Date "2010.12.22"]
[Round "3"]
[White "miras773"]
[Black "Sbilf"]
[Result "0-1"]
[WhiteElo "1910"]
[BlackElo "1930"]

1. e4 e5 2. Nf3 Nc6 3. d4 exd4 4. Nxd4 Qh4 5. Nc3 Bb4 6. Nb5 Qxe4+ 7. Be3 Qe5 8.
Nd4 Nge7 9. Qd2 Nd5 10. O-O-O O-O 0-1